Conspiracy and virtue women, writing, and politics in seventeenth century England /
Na minha lista:
| Autor principal: | |
|---|---|
| Autor Corporativo: | |
| Formato: | Recurso Eletrônico livro eletrônico |
| Idioma: | inglês |
| Publicado em: |
Oxford ; New York :
Oxford University Press,
2006.
|
| Assuntos: | |
| Acesso em linha: | An electronic book accessible through the World Wide Web; click to view |
| Tags: |
Sem tags, seja o primeiro a adicionar uma tag!
|
MARC
| LEADER | 00000nam a2200000 a 4500 | ||
|---|---|---|---|
| 001 | 0000105878 | ||
| 005 | 20171002055530.0 | ||
| 006 | m u | ||
| 007 | cr cn||||||||| | ||
| 008 | 060810s2006 enkab sb 001 0 eng | ||
| 010 | |z 2006026438 | ||
| 015 | |a GBA669675 |2 bnb | ||
| 016 | 7 | |z 013531565 |2 Uk | |
| 020 | |z 0199205124 (alk. paper) | ||
| 020 | |z 9780199205127 (alk. paper) | ||
| 035 | |a (CaPaEBR)ebr10271502 | ||
| 035 | |a (OCoLC)137262048 | ||
| 040 | |a CaPaEBR |c CaPaEBR | ||
| 050 | 1 | 4 | |a PR431 |b .W57 2006eb |
| 082 | 0 | 4 | |a 820.9/352042/09032 |2 22 |
| 100 | 1 | |a Wiseman, Susan. | |
| 245 | 1 | 0 | |a Conspiracy and virtue |h [electronic resource] : |b women, writing, and politics in seventeenth century England / |c Susan Wiseman. |
| 260 | |a Oxford ; |a New York : |b Oxford University Press, |c 2006. | ||
| 300 | |a 384 p. : |b ill., maps. | ||
| 504 | |a Includes bibliographical references and index. | ||
| 533 | |a Electronic reproduction. |b Palo Alto, Calif. : |c ebrary, |d 2013. |n Available via World Wide Web. |n Access may be limited to ebrary affiliated libraries. | ||
| 650 | 0 | |a English literature |y Early modern, 1500-1700 |x History and criticism. | |
| 650 | 0 | |a Women and literature |z England |x History |y 17th century. | |
| 650 | 0 | |a Women |z England |x Social conditions |y 17th century. | |
| 650 | 0 | |a Literature and society |z England |x History |y 17th century. | |
| 650 | 0 | |a Women |x Political activity |z England |x History |y 17th century. | |
| 655 | 7 | |a Electronic books. |2 local | |
| 710 | 2 | |a ebrary, Inc. | |
| 856 | 4 | 0 | |u http://site.ebrary.com/lib/daystar/Doc?id=10271502 |z An electronic book accessible through the World Wide Web; click to view |
| 908 | |a 170314 | ||
| 942 | 0 | 0 | |c EB |
| 999 | |c 95029 |d 95029 | ||